| 000 | 01065pam a2200289 a 4500 | ||
|---|---|---|---|
| 001 | 634442 | ||
| 003 | OSt | ||
| 005 | 20191227111936.0 | ||
| 008 | 930303s1993 enk b 001 0 eng | ||
| 010 | _a 93018818 | ||
| 020 | _a0415061954 | ||
| 040 | _coclc | ||
| 043 | _aa-ii--- | ||
| 050 | 0 | 0 |
_aHB126.I4 _bD365 1993 |
| 082 | 0 | 0 |
_a330.0954 _220 _bDAS/H |
| 100 |
_aDasgupta, Ajit _9826 |
||
| 245 | 1 | 2 |
_aA History of Indian Economic Thought / _cAjit Dasgupta |
| 260 |
_aLondon ; _aNew York : _bRoutledge, _c1993. |
||
| 300 | _a206 p | ||
| 440 | 0 | _aRoutledge history of economic thought series | |
| 504 | _aIncludes bibliographical references (p. [192]-199) and index. | ||
| 650 | 0 |
_aEconomics _zIndia _xHistory. |
|
| 856 | 4 | 2 |
_3Publisher description _uhttp://www.loc.gov/catdir/enhancements/fy0648/93018818-d.html |
| 906 |
_a7 _bcbc _corignew _d1 _eocip _f19 _gy-gencatlg |
||
| 942 |
_2ddc _cBK _h330.0954 _iDAS/H _k330.0954 _mDAS/H |
||
| 999 |
_c10070 _d10070 |
||